00450nam a2200181Ia 450000500170000000800410001702000180005804100080007608200160008410000130010024500200011325000120013326000340014530000090017950000250018865000240021370000310023720230430094910.0230125s9999 xx 000 0 und d a9789353500399 aeng a650.01bPEN aPeng M W aGlobal Business a2nd Ed. c2019bCengage LearningaIndia a582p aIBM;Global Business  aIBM;Global Business aPeng M W & Srivastava D K